|
|
|
|
| LEADER |
00000nam a2200000 a 4500 |
| 001 |
vtls001191543 |
| 003 |
SK-MaSNL |
| 005 |
20260311125708.0 |
| 008 |
250313s1976 xo 0 hun |
| 035 |
|
|
|a SNK000134597
|
| 035 |
|
|
|a urn:nbn:sk:snk-amkf00
|
| 035 |
|
|
|a urn:nbn:sk:snk-am003doh
|
| 035 |
|
|
|a 328DA50F-025E-45B5-B87D-DB9A7F4A8C7D
|
| 040 |
|
|
|a SNK
|b slo
|c SNK
|e AACR2
|
| 041 |
0 |
|
|a hun
|
| 044 |
|
|
|a xo
|c SK
|
| 080 |
|
|
|a 328(437):324"1976"=945.11
|2 1981
|
| 080 |
|
|
|a 324"1976":328(437)=945.11
|2 1981
|
| 245 |
0 |
0 |
|a A propaganda- és agitációs munka biztosítása az 1976-os képviselő-testületi általános választásokkal kapcsolatban
|
| 260 |
|
|
|a Bratislava
|b Pravda
|c 1976
|
| 300 |
|
|
|a 19 s.
|c 21 cm
|
| 648 |
|
7 |
|a 1976
|2 SNKPH
|9 279488
|
| 650 |
0 |
7 |
|a zastupiteľské orgány
|2 SNKPH
|9 281694
|
| 650 |
0 |
7 |
|a voľby
|2 SNKPH
|9 1580
|
| 651 |
|
7 |
|a Československo
|2 SNKPHgeo
|9 21376
|
| 655 |
|
7 |
|a propagačné materiály
|2 SNKPH
|9 308926
|
| 852 |
|
|
|a Slovenská národná knižnica
|
| 958 |
|
|
|a OND
|
| 999 |
|
|
|c 710149
|d 712079
|
| 952 |
|
|
|t P60, <03>, [BOOK], {603}
|a SNK
|b SNK
|y PREZ
|7 0
|p 17A0001722
|o snkSC 90203
|i snkF 275/96
|0 0
|1 0
|4 0
|d 1996-03-18
|f 1
|l 0
|r 2025-09-09 00:00:00
|w 2026-02-23
|